| 000 -LEADER |
| fixed length control field |
00997nam a2200265 4500 |
| 001 - CONTROL NUMBER |
| control field |
22063 |
| 003 - CONTROL NUMBER IDENTIFIER |
| control field |
BD-DhUAP |
| 005 - DATE AND TIME OF LATEST TRANSACTION |
| control field |
20240307184208.0 |
| 008 - FIXED-LENGTH DATA ELEMENTS--GENERAL INFORMATION |
| fixed length control field |
110819s2011 enk bdf 001 0 eng |
| 020 ## - INTERNATIONAL STANDARD BOOK NUMBER |
| International Standard Book Number |
9780230230187 |
| 040 ## - CATALOGING SOURCE |
| Original cataloging agency |
BD-DhUAP |
| Transcribing agency |
BD-DhUAP |
| Language of cataloging |
Eng |
| Modifying agency |
BD-DhUAP |
| 082 00 - DEWEY DECIMAL CLASSIFICATION NUMBER |
| Classification number |
418.0071 LOE |
| Edition number |
23 |
| 100 1# - MAIN ENTRY--PERSONAL NAME |
| Personal name |
Loewen, Shawn. |
| 245 10 - TITLE STATEMENT |
| Title |
Key concepts in second language acquisition / |
| Statement of responsibility, etc. |
Shawn Loewen and Hayo Reinders. |
| 260 ## - PUBLICATION, DISTRIBUTION, ETC. |
| Place of publication, distribution, etc. |
Houndmills, Basingstoke, Hampshire : |
| Name of publisher, distributor, etc. |
Palgrave Macmillan, |
| Date of publication, distribution, etc. |
2011. |
| 300 ## - PHYSICAL DESCRIPTION |
| Extent |
xiv, 187 p. ; |
| Dimensions |
22 cm. |
| 490 0# - SERIES STATEMENT |
| Series statement |
Palgrave key concepts |
| 504 ## - BIBLIOGRAPHY, ETC. NOTE |
| Bibliography, etc. note |
Includes bibliographical references and index. |
| 505 8# - FORMATTED CONTENTS NOTE |
| Formatted contents note |
Machine generated contents note: -- Introduction -- Alphabetized glossary of terms. |
| 650 #0 - SUBJECT ADDED ENTRY--TOPICAL TERM |
| Topical term or geographic name entry element |
Second language acquisition |
| Form subdivision |
Handbooks, manuals, etc. |
| 650 #0 - SUBJECT ADDED ENTRY--TOPICAL TERM |
| Topical term or geographic name entry element |
Second language acquisition |
| Form subdivision |
Dictionaries. |
| 650 #7 - SUBJECT ADDED ENTRY--TOPICAL TERM |
| Topical term or geographic name entry element |
LANGUAGE ARTS & DISCIPLINES / Linguistics / General. |
| Source of heading or term |
bisacsh |
| 700 1# - ADDED ENTRY--PERSONAL NAME |
| Personal name |
Reinders, Hayo. |
| 942 ## - ADDED ENTRY ELEMENTS (KOHA) |
| Source of classification or shelving scheme |
|
| Koha item type |
Book |